000 00690nam a2200301Ia 4500
005 20260401122434.0
008 008 250103s9999 xx 000 0 eng d
020 _a9780521523554
037 _aTB
040 _aEDL
040 _beng
040 _cEDL
041 _2eng
041 _aeng
084 _a822.33MUI
084 _qEDL
100 _aMacbeth
245 0 _aShakespeare survey : An annual survey of Shakespearian study & production
245 0 _cMacbeth
260 _aCambridge
260 _bCambridge University press
260 _c1966
300 _a170p
942 _cTB
942 _h822.33MUI
999 _c1847290
_d1847290